La Turque Kemaliste (Record no. 8122)

MARC details
000 -BAŞLIK
Sabit Uzunlukta Kontrol Alanı 00716na a2200241 4500
001 - KONTROL NUMARASI
Denetim Alanı 15007
003 - KONTROL NUMARASI IDENTIFIER
Denetim Alanı MIRAKIL
005 - SON İŞLEM TARİHİ VE ZAMANI
Denetim Alanı 20181213155200.0
008 - SABİT-BOY VERİ ELEMANLARI - GENEL BİLGİLER
Sabit Uzunlukta Kontrol Alanı 161025b tu 000 0
035 ## - SİSTEM KONTROL NUMARASI
Sistem Kontrol Numarası 15007
040 ## - KATALOGLAMA KAYNAK
Orijinal Kataloglama Ajansı Milas
Kataloglama Dili tur
Metne Dönüştürmek Ajansı TR-AnCHP
041 ## - DİL KODU
Metin / Ses Parça Veya Ayrı Başlığın Dil Kodu ger
082 ## - DEWEY ONLU SINIFLANDIRMA NUMARASI
Sınıflandırma Numarası ATA 956.005
Ürün Numarası T86 1934
090 ## - SINIFLAMA NUMARASI
Sınıflama Numarası ATA 956.005 T86 1934-
245 ## - BAŞLIK TABLOSU
Başlık La Turque Kemaliste
260 ## - YAYIN, DAĞITIM, VB
Yayın, Dağıtım, Vb Yeri [y. y.]
Yayıncı, Dağıtıcı, Vs Adı [yayl. y.]
Yayın, Dağıtım, Vb Tarihi 1934-
300 ## - FİZİKSEL TANIM
Kapsam 87 s.
Diğer Fiziksel Ayrıntıları fotg.
Boyutlar 32 sm.
600 ## - KONU KATMA GİRİŞ - KURUMSAL ADI
Kişisel Ad Atatürk, Mustafa Kemal
Bir Adıyla İlişkilendirilen Tarihler 1881-1938
651 ## - KONU KATMA GİRİŞ - COĞRAFİ ADI
Coğrafi İsim Türkiye
Genel Alt Bölümü Sosyo ekonomik durum
Kronolojik Alt Bölümü Süreli yayınlar
651 ## - KONU KATMA GİRİŞ - COĞRAFİ ADI
Coğrafi İsim Türkiye
Genel Alt Bölümü Siyaset ve yönetim
Kronolojik Alt Bölümü Süreli yayınlar
651 ## - KONU KATMA GİRİŞ - COĞRAFİ ADI
Coğrafi İsim Türkiye
Genel Alt Bölümü Entelektüel yaşam
Kronolojik Alt Bölümü Süreli yayınlar
942 ## - EKLENDİ GİRİŞ ELEMANLARI (KOHA)
Sınıflandırma Veya Raf Düzeni Kaynak Dewey Decimal Classification
Koha Öğesi Türü Books
999 ## - SİSTEM KONTROL NUMARALARI (KOHA)
Koha Biblionumber 8122
Koha Biblioitemnumber 8122
Holdings
Kalıcı Konum Mevcut Konum Edinme Tarihi Edinim Kaynak Toplam Check-Out'Lar Tam Çağrı Numarası Barkod Tarih Son Görülme İtibaren Geçerli Fiyatlar Koha Öğesi Türü Kopya Sayısı
CHP Kütüphanesi CHP Kütüphanesi 09/02/2016 Bağış   ATA 956.005 T86 1934- 004046 09/02/2016 09/02/2016 Books  
CHP Kütüphanesi CHP Kütüphanesi 09/02/2016 Bağış   ATA 956.005 T86 1934- 004047 09/02/2016 09/02/2016 Books k.2